Governance for health care providers : the call to leadership (Record no. 196964)

MARC details
000 -LEADER
fixed length control field 00879nam a2200253Ia 4500
008 - FIXED-LENGTH DATA ELEMENTS--GENERAL INFORMATION
fixed length control field 191130s2009##################000#0#eng##
020 ## - INTERNATIONAL STANDARD BOOK NUMBER
ISBN 9781420078534
082 ## - DEWEY DECIMAL CLASSIFICATION NUMBER
Classification number 362.1068 NAS
245 ## - TITLE STATEMENT
Title Governance for health care providers : the call to leadership
Statement of responsibility, etc edited by David B. Nash, William J. Oetgen, Valerie P. Pracilio ; forerword by Michael D. Connelly
260 ## - PUBLICATION, DISTRIBUTION, ETC. (IMPRINT)
Place of publication Portland, OR
Name of publisher Productivity Press
Year of publication c2009
300 ## - PHYSICAL DESCRIPTION
Number of Pages xvii, 339 p. : ill. ; 24 cm
500 ## - GENERAL NOTE
General note Includes bibliographical references and index
650 ## - SUBJECT ADDED ENTRY--TOPICAL TERM
Topical Term Health facilities administration
Topical Term Health services administrators
Topical Term Leadership
700 ## - ADDED ENTRY--PERSONAL NAME
Personal name Nash, David B
Personal name Oetgen, William J
Personal name Pracilio, Valerie P
991 ## -
-- 365531
Holdings
Withdrawn status Lost status Damaged status Not for loan Home library Current library Shelving location Date acquired Full call number Accession Number Price effective from Koha item type
        Anna Centenary Library Anna Centenary Library 4TH FLOOR, A WING 13.10.2020 362.1068 NAS 151160 13.10.2020 English Books

Find us on the map